000
00312 a2200109 4500
001
ART_39595
005
20260410162000.0
008
260409a
245
1
0
_a
Diseño para evaluar tecnologías
100
1
_a
Cernuda, Juan Carlos
773
0
_t
Propuestas
_g
- Año 4, Nº 7 (oct. 1998)
_w
REV28258
999
_c
31215
_d
31215